00361 a2200097 4500001001000000005001700010008004100027245010800068100002000176773006700196ART_1260720260410161907.0260409a 10aThe Adjustment Processes of Labour Co-operatives with Constant Returns to Scale and Perfect Competition1 aMeade, James E.0 tThe Economic Journalg- Vol. 89, NÂș 356 (dic. 1979)wREV12512